| 000 | 01177nam a22003617a 4500 | ||
|---|---|---|---|
| 003 | CHAP | ||
| 005 | 20220329143509.0 | ||
| 008 | 100215s2009 mx a r 00010 spa d | ||
| 010 | _a97548 | ||
| 011 | _a98520 | ||
| 020 | _a9786070206849 | ||
| 035 | _a109205 | ||
| 040 | _cCHAP | ||
| 082 | 1 | 4 |
_a633.15 _bOr44 |
| 245 | 0 | 0 |
_aOrigen y diversificación del maíz : _buna revisión analítica _c/por Takeo Ángel Kato Yamakake ...[et al.] |
| 260 |
_aMéxico, D.F. : _bUNAM, Instituto de Biología _c2009 |
||
| 300 |
_a115 p. : _bilus. |
||
| 590 |
_aBATCH-UPD _b10 _c20130110 _lUCH01 _h1126 |
||
| 590 |
_aBATCH-UPD _b10 _c20130410 _lUCH01 _h0715 |
||
| 590 |
_aBATCH-UPD _b10 _c20130914 _lUCH01 _h1707 |
||
| 590 |
_aCONVERSION _b10 _c20130109 _lUCH01 _h1354 |
||
| 650 | 1 | 4 |
_aMaíz. _970848 |
| 650 | 1 | 4 |
_aMaíz _xGenética. _970963 |
| 650 | 1 | 4 |
_aMaíz _xHistoria. _970972 |
| 650 | 1 | 4 |
_aMaíz _xOrigen. _971030 |
| 650 | 1 | 4 |
_aMaíz _xVariedades. _971081 |
| 700 | 0 |
_aKato Yamakake, Takeo Angel. _962793 |
|
| 700 | 0 |
_aMapes, Cristina. _971134 |
|
| 901 | _aBK | ||
| 911 | _aen proceso | ||
| 942 | _cLIBRO | ||
| 949 |
_a633.15 Or44 _bBC _cLIBRO _d33724002052306 _eLIBRO _gI.c/e _h111819 _i109205 _si |
||
| 999 |
_c97548 _d97548 |
||